रस चिंतन के विविध आयाम / (Record no. 115171)

MARC details
000 -LEADER
fixed length control field 01212nam a22002657a 4500
005 - DATE AND TIME OF LATEST TRANSACTION
control field 20170124103020.0
010 ## - LIBRARY OF CONGRESS CONTROL NUMBER
LC control number A-927118
020 ## - INTERNATIONAL STANDARD BOOK NUMBER
Terms of availability 200.00
International Standard Book Number 8171193153
035 ## - SYSTEM CONTROL NUMBER
System control number A-927118
037 ## - SOURCE OF ACQUISITION
Source of stock number/acquisition Cen Lib/Ret
040 ## - CATALOGING SOURCE
Original cataloging agency DPL
Language of cataloging HN
082 ## - DEWEY DECIMAL CLASSIFICATION NUMBER
Classification number 808.1
Item number रसचि
245 ## - TITLE STATEMENT
Title रस चिंतन के विविध आयाम /
Statement of responsibility, etc संपादक आनंद प्रकाश दीक्षित
246 ## - VARYING FORM OF TITLE
Title proper/short title Ras chintan ke vividh aayam
Remainder of title sampadak Anand Prakash
260 ## - PUBLICATION, DISTRIBUTION, ETC. (IMPRINT)
Place of publication, distribution, etc नई दिल्ली
Name of publisher, distributor, etc राधा कृषण प्रकाशन
Date of publication, distribution, etc 1997
270 ## - ADDRESS
Address 2/38, अंसारी मार्ग दरिया गंज
City नई दिल्ली
Postal code 110002
300 ## - PHYSICAL DESCRIPTION
Extent 223पृष्ठ.
Dimensions 21सेमी(सजिल्द)
500 ## - GENERAL NOTE
General note सन्दर्भ ग्रन्थ सूची शामिल
650 ## - SUBJECT ADDED ENTRY--TOPICAL TERM
Topical term or geographic name as entry element हिंदी साहित्य
9 (RLIN) 60242
650 ## - SUBJECT ADDED ENTRY--TOPICAL TERM
Topical term or geographic name as entry element भरतमुनि और रस
9 (RLIN) 60243
650 ## - SUBJECT ADDED ENTRY--TOPICAL TERM
Topical term or geographic name as entry element Hindi literature
9 (RLIN) 60244
650 ## - SUBJECT ADDED ENTRY--TOPICAL TERM
Topical term or geographic name as entry element Bharatmuni and juice
9 (RLIN) 60245
700 ## - ADDED ENTRY--PERSONAL NAME
Personal name दीक्षित, आनंद प्रकाश
9 (RLIN) 43519
942 ## - ADDED ENTRY ELEMENTS (KOHA)
Source of classification or shelving scheme Dewey Decimal Classification
Koha item type Hindi Books
Classification part 808.1
Call number suffix रसचि
Holdings
Withdrawn status Lost status Damaged status Not for loan Home library Current library Date acquired Source of acquisition Cost, normal purchase price Total Checkouts Full call number Barcode Date last seen Copy number Cost, replacement price Price effective from Koha item type
        Central Library Central Library 19/08/2015 Cen Lib/Ret 200.00   808.1 रसचि A-927118 19/08/2015 1 200.00 19/08/2015 Hindi Books

© Delhi Public Library
Hit Counter
free hit counter